000 01581cam a22004337i 4500
001 data
005 20260322212117.0
008 data
035 _a20487991
906 _a7
_bcbc
_ccopycat
_d2
_encip
_f20
_gy-gencatlg
925 0 _aacquire
_b1 shelf copy
_xpolicy default
010 _a 2018286263
020 _a9781474232739
_qhbk.
020 _a1474232736
_qhbk.
020 _a9781474232722
_qpbk.
020 _a1474232728
_qpbk.
035 _a(OCoLC)1008914284
040 _aTOH
_beng
_cTOH
_erda
_dDLC
_dCDX
_dOCLCF
_dDLC
042 _alccopycat
050 0 0 _aQ175
_b.H497 2018
082 0 4 _a501
_223
245 0 4 _aThe history and philosophy of science :
_ba reader /
_cedited by Daniel J. McKaughan and Holly VandeWall.
264 1 _aLondon :
_bBloomsbury Academic, an imprint of Bloomsbury Publishing Plc,
_c2018.
264 4 _c©2018
300 _axxiii, 1073 pages :
_billustrations ;
_c25 cm
336 _atext
_btxt
_2rdacontent
337 _aunmediated
_bn
_2rdamedia
338 _avolume
_bnc
_2rdacarrier
504 _aIncludes bibliographical references (pages 1051-1059) and index.
650 0 _aScience
_xPhilosophy.
650 0 _aScience
_xHistory.
650 7 _aSCIENCE
_xGeneral.
_2bisacsh
650 7 _aScience.
_2fast
_0(OCoLC)fst01108176
650 7 _aScience
_xPhilosophy.
_2fast
_0(OCoLC)fst01108336
655 7 _aHistory.
_2fast
_0(OCoLC)fst01411628
700 1 _aMcKaughan, Daniel J.
_q(Daniel Jon),
_eeditor.
700 1 _aVandeWall, Holly R.,
_eeditor.
999 _c1773
_d1773